Multiple Choice City Quiz – Carthage - Statistics

General Stats
  • This quiz has been taken 260 times
  • The average score is 6 of 10
Answer Stats
Question Answer % Correct
What series of wars were fought between Carthage and Rome? Punic Wars
91%
Carthage lies just north of what capital city? Tunis
83%
Carthage was originally a colony of which civilization? Phoenician
79%
Which of these symbols is present on many Carthaginian archaeological remains?
70%
Who is regarded as the founder of Carthage? Dido
68%
...which ended in the complete destruction of Carthage by who? Scipio Aemilianus
56%
What does a Carthaginian Peace refer to? A very brutal peace intended to permanently cripple the losing side
55%
What is a cothon? An artificial, protected inner harbor
42%
During the reign of Roman Emperor Maxentius, who proclaimed himself Emperor of Rome, making his capital Carthage? Domitius Alexander
29%
During which crusade did the crusader forces land at Carthage? Eighth Crusade
10%
No matching quizzes found
Score Distribution
Percent of People with Each Score
Percentile by Number Answered
Your Score History
You have not taken this quiz